[Event "28. Offene Internationale Bayerische Schachmeisterschaft"]
[Site "Gmund am Tegernsee"]
[Date "2025.11.04"]
[Round "1"]
[Board "62"]
[White "Scheckenbach, Franz"]
[Black "Kurmangaliyeva, Liya"]
[Result "0-1"]
[WhiteElo "2045"]
[BlackElo "2287"]
[Annotator "Taktische Analyse 6.4"]
[PlyCount "84"]
[EventDate "2025.11.01"]
[EventRounds "9"]
[EventCountry "GER"]
[SourceVersionDate "2025.11.10"]

{[%evp 0,84,26,34,88,70,74,39,46,46,69,69,79,57,34,3,24,11,6,-25,30,0,38,17,10,10,10,0,2,7,7,-8,8,-45,-45,-55,-15,-15,6,-10,9,-6,4,-73,-77,-77,-23,-28,29,-27,52,32,36,15,15,9,8,8,0,-34,13,-14,12,-12,48,25,25,-23,-8,-8,42,42,42,-230,-134,-139,-103,-139,-114,-125,-120,-507,-608,-29991,-29992,-29993,-29994]} 1. e4 c5 2. Nc3 Nc6 3. Bb5 Nf6 4. Nf3 g6 5. O-O Bg7 6. Re1 O-O 7. a4 Nd4 8. Bc4 d6 9. h3 b6 10. d3 Bb7 11. Bg5 h6 12. Be3 Nxf3+ 13. Qxf3 e6 14. Bf4 a6 15. Qe2 d5 16. Ba2 d4 17. Nb1 b5 18. Nd2 Nh5 19. Bh2 e5 20. Qg4 Kh7 21. f4 exf4 22. Bxf4 Qe7 23. Bh2 Rae8 24. Rf1 Bc8 25. Qe2 f5 26. axb5 axb5 27. Bd5 Qd7 28. Qd1 f4 29. Bb3 Qe7 30. Qe2 Be5 31. Ra8 Kh8 32. Rfa1 Ng3 33. Qd1 c4 34. dxc4 d3 35. Bxg3 fxg3 36. Rxc8 Rxc8 37. cxd3 Rf2 38. Nf3 Bxb2 39. Ra2 Rf8 40. Bc2 R8xf3 41. Rxb2 Rf1+ 42. Qxf1 Qc5+ 0-1

[Event "28. Offene Internationale Bayerische Schachmeisterschat"]
[Site "Gmund am Tegernsee"]
[Date "2025.11.04"]
[Round "4"]
[Board "53"]
[White "Kurmangaliyeva, Liya"]
[Black "Kick, Joachim"]
[Result "1-0"]
[WhiteElo "2287"]
[BlackElo "2087"]
[Annotator "ralph"]
[PlyCount "91"]
[EventDate "2025.11.01"]
[EventRounds "9"]
[EventCountry "GER"]
[SourceVersionDate "2025.11.10"]

{[%evp 0,89,30,20,25,20,24,24,24,-9,28,28,21,9,48,43,65,70,93,89,103,31,75,97,103,64,101,77,65,28,14,9,55,5,16,22,26,54,54,10,-2,-144,38,34,39,39,60,56,56,44,16,16,24,-4,-68,-125,-77,-76,-74,-138,-136,-161,-161,-199,-206,-213,-182,-164,-164,-244,-116,-215,-96,-114,-101,-172,-116,-121,21,-21,77,77,109,65,159,159,149,151,373,373,437,65]} 1. e4 e5 2. Nf3 Nc6 3. Bc4 Nf6 4. d3 d5 5. exd5 Nxd5 6. O-O Nb6 7. Bb3 Bg4 8. h3 Bh5 9. Re1 Qe7 10. a4 a5 11. Be3 O-O-O 12. Nbd2 f6 13. Ne4 Nd5 14. c3 Nxe3 15. Rxe3 g5 16. Ng3 Bg6 17. d4 e4 18. Nd2 f5 19. Qf1 Bg7 20. Qb5 Qd7 21. Ree1 h5 22. Nc4 Rhe8 23. d5 Ne5 24. Qxa5 Kb8 25. Na3 Qd6 26. Nb5 Qc5 27. Ba2 Nd3 28. Re2 f4 29. Nf1 f3 30. b4 Bxc3 31. bxc5 Bxa5 32. gxf3 exf3 33. Rxe8 Rxe8 34. d6 Nxc5 35. Rc1 Na6 36. d7 Rd8 37. Be6 c6 38. Nd4 Kc7 39. Nxf3 Kd6 40. Nxg5 Nc5 41. Bf7 Bf5 42. Ne3 Bd3 43. Be8 Rxd7 44. Bxd7 Kxd7 45. Rd1 Kd6 46. Nc4+ 1-0

[Event "28. Offene Bayerische Internationale Meisterschaft"]
[Site "Gmund am Tegernsee"]
[Date "2025.11.01"]
[Round "1"]
[Board "122"]
[White "Aamuktha, Gundraka"]
[Black "Klein, Simon"]
[Result "1-0"]
[WhiteElo "2161"]
[BlackElo "1578"]
[PlyCount "49"]
[EventDate "2025.11.01"]
[SourceVersionDate "2025.11.10"]

{[%evp 0,49,30,20,69,61,61,52,61,42,47,51,74,68,53,46,79,50,61,56,91,58,64,58,64,28,32,31,52,23,91,30,100,61,89,86,127,119,119,68,61,66,74,73,74,80,121,28,314,319,918,918]} 1. e4 d6 2. d4 Nf6 3. Nc3 Nbd7 4. Nf3 e5 5. Bc4 Be7 6. O-O c6 7. a4 Qc7 8. Re1 h6 9. a5 a6 10. Bf1 O-O 11. h3 Re8 12. g3 Nf8 13. Be3 Ng6 14. Bg2 Nh7 15. Qd2 Qd8 16. Na4 Ng5 17. Nxg5 hxg5 18. Nb6 Rb8 19. c4 exd4 20. Bxd4 Be6 21. Rad1 Ne5 22. Qc3 Bf6 23. c5 Bxh3 24. Bxh3 Nf3+ 25. Qxf3 1-0

[Event "28. Offene Bayerische Internationale Meisterschaft"]
[Site "Gmund am Tegernsee"]
[Date "2025.11.03"]
[Round "3"]
[Board "136"]
[White "Aamuktha, Guntaka"]
[Black "Kuhn, Daniel"]
[Result "1-0"]
[WhiteElo "2161"]
[BlackElo "1994"]
[PlyCount "57"]
[EventDate "2025.11.01"]
[SourceVersionDate "2025.11.10"]

1. e4 e5 2. Nf3 Nc6 3. Bb5 a6 4. Ba4 Nf6 5. O-O Be7 6. d3 b5 7. Bb3 d6 8. a3 Na5 9. Ba2 c5 10. Nc3 Nc6 11. Nd5 Nxd5 12. Bxd5 Qc7 13. b4 Bb7 14. c3 O-O 15. Bd2 Nd8 16. Bxb7 Nxb7 17. a4 Bf6 18. Qe2 Qd7 19. Ra2 a5 20. axb5 axb4 21. Rb2 Qxb5 22. cxb4 Ra3 23. Ne1 Ra4 24. Nc2 cxb4 25. Rfb1 Nc5 26. Nxb4 Rfa8 27. Qd1 Bd8 28. Be1 h6 29. g3 1-0

[Event "28. Offene Bayerische Internationale Meisterschaft"]
[Site "Gmund am Tegernsee"]
[Date "2025.11.08"]
[Round "8"]
[Board "53"]
[White "Dumjahn, Carsten"]
[Black "Aamuktha, Guntaka"]
[Result "0-1"]
[WhiteElo "2000"]
[BlackElo "2161"]
[PlyCount "72"]
[EventDate "2025.11.01"]
[SourceVersionDate "2025.11.10"]

{[%evp 0,72,30,30,30,0,56,19,40,40,40,35,82,66,75,49,41,28,27,-20,48,4,45,10,7,3,5,10,28,23,34,32,36,-3,-4,-4,-4,5,11,7,36,7,7,7,19,7,48,-3,-3,-2,-8,-67,-37,-79,-99,-113,-113,-133,-152,-152,-149,-158,-161,-142,-145,-156,-26,-485,-506,-488,-488,-29997,-29998,-29999,-30000]} 1. Nf3 Nf6 2. g3 b5 3. Bg2 Bb7 4. O-O e6 5. d3 c5 6. e4 d6 7. a4 b4 8. a5 Be7 9. c3 bxc3 10. bxc3 O-O 11. Re1 Nbd7 12. Nbd2 Rb8 13. Nc4 d5 14. exd5 Nxd5 15. Qc2 Bf6 16. Nfe5 Nxe5 17. Nxe5 Qc7 18. f4 Rfd8 19. Bd2 Ba6 20. Ng4 Be7 21. Ne5 Bf6 22. Ng4 h5 23. Nxf6+ Nxf6 24. c4 Qd6 25. Bf1 Bb7 26. Be3 Ng4 27. Bg2 Bxg2 28. Kxg2 Qxd3 29. Qxd3 Rxd3 30. Bxc5 Rb2+ 31. Kg1 Rxh2 32. Ra3 Rdd2 33. Bb4 Rdg2+ 34. Kf1 Rb2 35. Bc5 Rh1+ 36. Bg1 Nh2# 0-1